| 000 | 01001nam a22002537a 4500 | ||
|---|---|---|---|
| 005 | 20170124102937.0 | ||
| 010 | _aA-831727 | ||
| 020 | _c250.00 | ||
| 035 | _aA-831727 | ||
| 037 | _bCen Lib/Ret | ||
| 040 |
_aDPL _bHN |
||
| 082 |
_a808 _bहरीमो |
||
| 100 |
_aहरिमोहन _947101 |
||
| 245 |
_aसाहित्यिक विधाएँ : _cहरिमोहन _bपुनर्विचार / |
||
| 246 |
_aSahityik vdhayen : punarvichar / _bby Harimohan |
||
| 260 |
_aनयी दिल्ली _bवाणी प्रकाशन _c1997 |
||
| 270 |
_bनयी दिल्ली _a21-ए, दरिया गंज _e110002 |
||
| 300 |
_a319पृ. _c19सेमी (सजिल्द) |
||
| 650 |
_aहिन्दी साहित्य _947102 |
||
| 650 |
_aहिन्दी आलोचना _947103 |
||
| 650 |
_aHindi literature _947104 |
||
| 650 |
_aHindi criticism _942688 |
||
| 942 |
_2ddc _cHN _h808 _mहरीमो |
||
| 999 |
_c112371 _d112371 |
||